Movies Quiz

Random Movies or Role Quiz
Score 0/20 Timer 06:00
0 Plays Today
Mixed up roles Actor % Correct
You know, that FBI beauty contestant, who adopts a football player and then gets stuck on a speeding bus.Sandra Bullock
89.6%
You know, that talking spider who's a prostitute and goes after a power company.Julia Roberts
85.4%
You know, that fashion magazine editor, who's a real vixen while cooking French food.Meryl Streep
78.5%
You know, that forgetful girlfriend who gets flushed down the toilet but survives her ship sinking.Kate Winslet
71.1%
You know, that flying nanny who flees from the Nazis while dressed as a man.Julie Andrews
69.9%
You know, that St. Louis school girl who testified at Nuremberg and got carried away in Kansas.Judy Garland
67.4%
You know, that attorney who defends Marines while spinning pottery and hiding out in Notre Dame cathedral.Demi Moore
65.8%
You know, that teacher in Siam who proves there are aliens while interviewing a cannibal.Jodie Foster
64.3%
You know, that Russian spy whose husband keeps getting younger in Lothlorien.Cate Blanchett
61.5%
You know that single waitress whose boyfriend gets stranded on an island while she chases tornados with her soon to be ex-husband.Helen Hunt
61.4%
Mixed up roles Actor % Correct
You know, that Russian aristocrat who serves the Queen of Naboo while cavorting with Pirates.Keira Knightley
56%
You know, that First Lady who's a spaceship warrant officer and studies gorillas.Sigourney Weaver
53.5%
You know, that Queen of England, who's the Queen of Hearts and the queen of evil witches.Helena Bonham Carter
50.8%
You know, that Methodist missionary with a pet leopard, on a golden pond.Katharine Hepburn
44.4%
You know, that Countess of Trentham who's friends with Peter Pan and teaches Transfiguration.Maggie Smith
44.3%
You know, that Presidential widow whose ex-husband dresses as a woman until her nephew gets bitten by a radioactive spider.Sally Field
42.2%
You know, that unsinkable, unhappy housewife, who's a HUGE fan of Paul Sheldon.Kathy Bates
40.2%
You know, that detective's daughter who works on the Manhattan Project while fleeing from resurrected dinosaurs.Laura Dern
37.9%
You know, that network executive who robs banks and hates wire coat hangers.Faye Dunaway
33.6%
You know, that mobster's wife who gets buried alive and then battles Batman.Uma Thurman
31.4%
Remove Ads.
Support Sporcle.
Get the best of Sporcle when you Go Orange. This ad-free experience offers more features, more stats, and more fun while also helping to support Sporcle. Thank you for becoming a member.

You're not logged in!

Compare scores with friends on all Sporcle quizzes.
OR
Log In

Show Comments

Extras

Top Quizzes Today


Score Distribution

Your Account Isn't Verified!

In order to create a playlist on Sporcle, you need to verify the email address you used during registration. Go to your Sporcle Settings to finish the process.

Report this User

Report this user for behavior that violates our Community Guidelines.

Details: